<?xml version="1.0" encoding="UTF-8"?><?xml-stylesheet type="text/xsl" href="static/style.xsl"?><OAI-PMH xmlns="http://www.openarchives.org/OAI/2.0/" xmlns:xsi="http://www.w3.org/2001/XMLSchema-instance" xsi:schemaLocation="http://www.openarchives.org/OAI/2.0/ http://www.openarchives.org/OAI/2.0/OAI-PMH.xsd"><responseDate>2026-06-05T14:23:13Z</responseDate><request verb="GetRecord" identifier="oai:riuma.uma.es:10630/30712" metadataPrefix="marc">https://riuma.uma.es/rest/oai/request</request><GetRecord><record><header><identifier>oai:riuma.uma.es:10630/30712</identifier><datestamp>2026-02-03T10:16:56Z</datestamp><setSpec>com_10630_1685</setSpec><setSpec>col_10630_38084</setSpec></header><metadata><record xmlns="http://www.loc.gov/MARC21/slim" xmlns:dcterms="http://purl.org/dc/terms/" xmlns:doc="http://www.lyncode.com/xoai" xmlns:xsi="http://www.w3.org/2001/XMLSchema-instance" xsi:schemaLocation="http://www.loc.gov/MARC21/slim http://www.loc.gov/standards/marcxml/schema/MARC21slim.xsd">
   <leader>00925njm 22002777a 4500</leader>
   <datafield ind2=" " ind1=" " tag="042">
      <subfield code="a">dc</subfield>
   </datafield>
   <datafield ind2=" " ind1=" " tag="720">
      <subfield code="a">González-Jurado, Deborah</subfield>
      <subfield code="e">author</subfield>
   </datafield>
   <datafield ind2=" " ind1=" " tag="260">
      <subfield code="c">2024</subfield>
   </datafield>
   <datafield ind2=" " ind1=" " tag="520">
      <subfield code="a">Ambos textos son complementarios. Pertenecen al período que abarca desde el segundo tercio del siglo XVIII, cuando Benjamín Franklin adquiere y se hace cargo del periódico La Gaceta de Pensilvania, y comienza a crear opinión, al mismo tiempo que interviene en la vida política como miembro de la Asamblea General de Filadelfia; hasta el momento en que George Washington, primer presidente de EE.UU., el cual había sido comandante en jefe de las fuerzas estadounidenses en la Guerra de la Independencia (1775-1783), y único presidente elegido de manera unánime por el Colegio Electoral, rehúsa a su tercera reelección, volviendo a la vida privada en 1797. Es decir, estamos en el período cronológico de algo más de medio siglo, al que los norteamericanos llaman “de los Padres de la Patria”.</subfield>
   </datafield>
   <datafield ind1="8" ind2=" " tag="024">
      <subfield code="a">González-Jurado, Deborah (2024) Comentario de texto "We the people..." &amp; "Despedida de George Washington" de Abraham Lincoln</subfield>
   </datafield>
   <datafield ind1="8" ind2=" " tag="024">
      <subfield code="a">https://hdl.handle.net/10630/30712</subfield>
   </datafield>
   <datafield tag="653" ind2=" " ind1=" ">
      <subfield code="a">Lincoln, Abraham (1809-1865)</subfield>
   </datafield>
   <datafield tag="653" ind2=" " ind1=" ">
      <subfield code="a">Corner, George Washington (1889-1981)</subfield>
   </datafield>
   <datafield tag="653" ind2=" " ind1=" ">
      <subfield code="a">Estados Unidos - Historia - S. XVIII</subfield>
   </datafield>
   <datafield ind2="0" ind1="0" tag="245">
      <subfield code="a">Comentario de texto "We the people..." &amp; "Despedida de George Washington" de Abraham Lincoln</subfield>
   </datafield>
</record>
</metadata></record></GetRecord></OAI-PMH>